Diagnóstico preliminar de la prioridad de investigación sobre seguridad contra incendio en Costa Rica
Salvato in:
| Autore principale: | |
|---|---|
| Natura: | Libro |
| Pubblicazione: |
San José, Costa Rica
1990
|
| Soggetti: | |
| Tags: |
Aggiungi Tag
Nessun Tag, puoi essere il primo ad aggiungerne!!
|
MARC
| LEADER | 00000nam a2200000Ia 4500 | ||
|---|---|---|---|
| 003 | 005064 | ||
| 005 | 20231130133536.0 | ||
| 008 | 140114s1990 cr a m 000 ||s d | ||
| 040 | |c cru CEDI | ||
| 090 | |a TFG 2402 | ||
| 100 | |a Gómez Navarro, Ana Isabel |9 12873 | ||
| 245 | |a Diagnóstico preliminar de la prioridad de investigación sobre seguridad contra incendio en Costa Rica | ||
| 260 | |a San José, Costa Rica |c 1990 | ||
| 300 | |a iii, [172] hojas ; 28 cm. | ||
| 500 | |a Proyecto de graduación (licenciatura en ingeniería civil)--Universidad de Costa Rica. Facultad de Ingeniería. Escuela de Ingeniería Civil | ||
| 650 | |x INCENDIOS - MEDIDAS DE SEGURIDAD - COSTA RICA |9 9264 | ||
| 942 | |c TFG |h TFG 2402 |i 005064 |6 TFG_2402_005064000000000 | ||
| 999 | |c 20285 |d 20285 | ||
